000 002720000a22001090004500
090 _aAS
_bSeriadas
245 1 0 _aApuntes botánicos, II
041 0 _aEspañol
100 1 _aRomero Castañeda, Rafael
_98613
942 _cARTICULO
773 1 _tCaldasia
_345
_h39
_q435-441
_d1960
_g8
999 _c14860
_d14860